Management: theory and practice. (3rd ed.) (Record no. 82487)
[ view plain ]
| 000 -LEADER | |
|---|---|
| fixed length control field | 00882nam a2200193 a 4500 |
| 008 - FIXED-LENGTH DATA ELEMENTS--GENERAL INFORMATION | |
| fixed length control field | 120416s1990 ||||||||||||||||| || u |
| 020 ## - INTERNATIONAL STANDARD BOOK NUMBER | |
| International Standard Book Number | 1870941640 |
| 050 ## - LIBRARY OF CONGRESS CALL NUMBER | |
| Classification number | HD 31 Col |
| 100 ## - MAIN ENTRY--PERSONAL NAME | |
| Personal name | Cole, G. A |
| 245 10 - TITLE STATEMENT | |
| Title | Management: theory and practice. (3rd ed.) |
| 260 ## - PUBLICATION, DISTRIBUTION, ETC. | |
| Place of publication, distribution, etc. | London: |
| Name of publisher, distributor, etc. | ELBS |
| Date of publication, distribution, etc. | 1990 |
| 300 ## - PHYSICAL DESCRIPTION | |
| Extent | xix, 588p.: ill. |
| 350 ## - | |
| -- | 0.00 |
| 650 #0 - SUBJECT ADDED ENTRY--TOPICAL TERM | |
| Topical term or geographic name entry element | MANAGEMENT |
| 650 ## - SUBJECT ADDED ENTRY--TOPICAL TERM | |
| Topical term or geographic name entry element | MANAGEMENT THEORY |
| 995 ## - | |
| -- | MAIN LIBRARY OPEN ACCESS |
| -- | 0.00 |
| -- | 722196 |
| -- | CBU-MAIN LIBRARY (Kitwe) |
| -- | 1 |
| -- | 2.50 |
| -- | HD 31 Col |
| -- | 1 |
| -- | AVAILABLE |
| -- | Jul 20, 2006 |
| -- | 021140 |
| -- | Main Library Open Access Collection |
| 995 ## - | |
| -- | MAIN LIBRARY OPEN ACCESS |
| -- | 0.00 |
| -- | 722198 |
| -- | CBU-MAIN LIBRARY (Kitwe) |
| -- | 3 |
| -- | 2.50 |
| -- | HD 31 Col |
| -- | 3 |
| -- | LOST |
| -- | 722198 |
| -- | Main Library Open Access Collection |
| 995 ## - | |
| -- | MAIN LIBRARY OPEN ACCESS |
| -- | 0.00 |
| -- | 722197 |
| -- | CBU-MAIN LIBRARY (Kitwe) |
| -- | 2 |
| -- | 2.50 |
| -- | HD 31 Col |
| -- | 2 |
| -- | LOST |
| -- | 722197 |
| -- | Main Library Open Access Collection |
| 999 ## - | |
| -- | 82487 |
| -- | 82487 |
| Withdrawn status | Lost status | Source of classification or shelving scheme | Damaged status | Not for loan | Permanent Location | Current Location | Shelving location | Date acquired | Total Checkouts | Full call number | Barcode | Date last seen | Date last checked out | Copy number | Price effective from | Koha item type |
|---|---|---|---|---|---|---|---|---|---|---|---|---|---|---|---|---|
| CBU-MAIN LIBRARY, KITWE. | CBU-MAIN LIBRARY, KITWE. | 09/29/2023 | 4 | HD 31 Col | 021140 | 05/27/2025 | 05/09/2025 | 1 | 09/29/2023 | MONOGRAPH | ||||||
| CBU-MAIN LIBRARY, KITWE. | CBU-MAIN LIBRARY, KITWE. | 09/29/2023 | HD 31 Col | 722198 | 09/29/2023 | 2 | 09/29/2023 | MONOGRAPH | ||||||||
| CBU-MAIN LIBRARY, KITWE. | CBU-MAIN LIBRARY, KITWE. | 09/29/2023 | HD 31 Col | 722197 | 09/29/2023 | 3 | 09/29/2023 | MONOGRAPH |